000 01174nam0a22002651 4500
001 rc\688989
005 20031121170154.4
035 _a(NLR Aleph) 005925786
090 _a6525496
_c6525496
100 _a20031121d1985 u |0rusy50 ca
101 0 _arus
102 _aRU
105 _ay |||||||||
200 1 _aДисперсноармированные тампонажные растворы
_f(С.М. Баш, А.М. Панов, Н.М. Хасанов, А.Н. Курбанов)
210 _aМ.
_cВНИИЭгазпром
_d1985
215 _a29 с.
_d20
225 1 _aГазовая промышленность
_iСерия "Бурение газовых и газоконденсатных скважин"
_eОбзор. информ.
_fВНИИ экономики, орг. пр-ва и техн.-экон. информ. в газовой пром-сти
_vВып. 8
300 _aВ надзаг. также: М-во газовой пром-сти
320 _aБиблиогр.: с. 28-29
701 1 _aБаш
_bС. М.
_gСавва Матвеевич
801 0 _aRU
_bNLR
_gpsbo
801 1 _aRU
_bELAR
_2rusmarc
852 _aNLR
_jП10/5484
942 _cBOOK
980 _aNB